Materials For Architects And Builders (Record no. 15657)
[ view plain ]
| 000 -LEADER | |
|---|---|
| fixed length control field | 00380nam a2200157Ia 4500 |
| 008 - FIXED-LENGTH DATA ELEMENTS--GENERAL INFORMATION | |
| fixed length control field | 220803s9999 xx 000 0 und d |
| 020 ## - INTERNATIONAL STANDARD BOOK NUMBER | |
| International Standard Book Number | 9780415704977 |
| 041 ## - LANGUAGE CODE | |
| Language code of text/sound track or separate title | eng |
| 082 ## - DEWEY DECIMAL CLASSIFICATION NUMBER | |
| Classification number | 691 LYO |
| 100 ## - MAIN ENTRY--PERSONAL NAME | |
| Personal name | Lyons A |
| 9 (RLIN) | 24768 |
| 245 ## - TITLE STATEMENT | |
| Title | Materials For Architects And Builders |
| 250 ## - EDITION STATEMENT | |
| Edition statement | 5th |
| 260 ## - PUBLICATION, DISTRIBUTION, ETC. (IMPRINT) | |
| Place of publication, distribution, etc. | London |
| Name of publisher, distributor, etc. | Taylor And Francis |
| Date of publication, distribution, etc. | 2014 |
| 300 ## - PHYSICAL DESCRIPTION | |
| Extent | 496 p |
| 500 ## - GENERAL NOTE | |
| Keywords | ARCHI |
| Withdrawn status | Lost status | Damaged status | Not for loan | Collection code | Home library | Current library | Date acquired | Vendor | Cost, normal purchase price | Full call number | Barcode | Date last seen | Cost, replacement price | Bill Date | Koha item type | Original Barcode |
|---|---|---|---|---|---|---|---|---|---|---|---|---|---|---|---|---|
| Reference | Book of B Arch | Dr. Bhanuben Nanavati College of Architecture | Dr. Bhanuben Nanavati College of Architecture | 11/11/2014 | Word Book Shop | 3259.57 | 620.2 LYO | BNCA-BK-9057 | 03/08/2022 | 3259.57 | 07/11/2014 | Reference book | B09057 |